[Event "POL-ChT2"]
[Site "Katowice POL"]
[Date "2010.09.04"]
[Round "1"]
[White "Markowski, Tomasz"]
[Black "Jedynak, Radoslaw"]
[Result "1-0"]
[WhiteElo "2626"]
[BlackElo "2492"]
[EventDate "2010.09.04"]
[PlyCount "161"]

1.c4 Nf6 2.g3 c6 3.Nf3 d5 4.b3 Bg4 5.Bg2 Nbd7 6.Bb2 e6 7.O-O Bd6 8.d3 O-O 
9.Nbd2 Qe7 10.a3 e5 11.h3 Bxf3 12.Bxf3 a5 13.e3 Rfe8 14.Bg2 h6 15.Re1 Qf8 
16.Qc2 Qe7 17.Nf3 Ra6 18.Nh4 Qe6 19.Rad1 Bf8 20.Nf3 Bd6 21.Nh4 Raa8 22.Rc1
e4 23.cxd5 cxd5 24.dxe4 dxe4 25.Red1 Rac8 26.Qxc8 Rxc8 27.Rxc8+ Kh7 28.Nf5
Qxb3 29.Rd2 Be5 30.Nd4 Bxd4 31.Bxd4 Qxa3 32.Rb2 b6 33.Bxf6 Nxf6 34.Rxb6 
Qa1+ 35.Kh2 Qa2 36.Kg1 Qa1+ 37.Kh2 a4 38.Ra8 a3 39.Rc6 Qe1 40.Rc2 Qb1 41.
Rc7 Qb3 42.Rca7 Qc2 43.Kg1 Qd1+ 44.Bf1 Nd7 45.Rxa3 Ne5 46.Ra1 Nf3+ 47.Kh1 
Qd2 48.R8a2 Qd7 49.Bg2 Qe6 50.Ra7 h5 51.h4 g6 52.Bxf3 exf3 53.Kh2 Qc4 54.
R7a4 Qe2 55.Kg1 f5 56.R4a2 Qc4 57.Rd2 Kh6 58.Rd4 Qe2 59.Rd7 Qc4 60.Raa7 
Qg8 61.Rf7 Qh8 62.Kf1 Qg8 63.Ke1 Qh8 64.Kd2 Qg8 65.Rfd7 Qh8 66.Kd3 Qg8 67.
Rab7 Qh8 68.Rf7 Qd8+ 69.Rbd7 Qh8 70.Kc4 Qc8+ 71.Kd4 Qh8+ 72.Rg7 Qxg7+ 73.
Rxg7 Kxg7 74.Ke5 Kf7 75.Kf4 Kf6 76.Kxf3 g5 77.hxg5+ Kxg5 78.Kg2 h4 79.Kh3 
hxg3 80.Kxg3 f4+ 81.exf4+ 1-0

[Event "POL-ChT2"]
[Site "Katowice POL"]
[Date "2010.09.04"]
[Round "1"]
[White "Shkapenko, Pavel"]
[Black "Orzech, Dominik"]
[Result "1/2-1/2"]
[WhiteElo "2426"]
[BlackElo "2422"]
[EventDate "2010.09.04"]
[PlyCount "60"]

1.d4 d5 2.c4 c6 3.Nc3 Nf6 4.cxd5 cxd5 5.Bf4 Nc6 6.e3 e6 7.Nf3 Bd6 8.Bg3 
O-O 9.Bd3 b6 10.O-O Bxg3 11.hxg3 Bb7 12.Rc1 Qe7 13.Bb1 Rac8 14.a3 Na5 15.
Ne5 Nc4 16.Qc2 g6 17.Nxc4 Rxc4 18.Ba2 Rc7 19.Qd2 Ba6 20.Rfd1 Rfc8 21.f3 
Rc6 22.g4 Ne8 23.e4 dxe4 24.Nxe4 Rxc1 25.Rxc1 Rxc1+ 26.Qxc1 Qd8 27.Qe3 Nd6
28.Nxd6 Qxd6 29.Qe5 Qxe5 30.dxe5 g5 1/2-1/2

[Event "POL-ChT2"]
[Site "Katowice POL"]
[Date "2010.09.04"]
[Round "1"]
[White "Brodowski, Piotr"]
[Black "Slaby, Jerzy"]
[Result "1/2-1/2"]
[WhiteElo "2413"]
[BlackElo "2477"]
[EventDate "2010.09.04"]
[PlyCount "143"]

1.d4 Nf6 2.c4 g6 3.Nf3 Bg7 4.Nc3 O-O 5.Bg5 c5 6.d5 d6 7.e3 e6 8.dxe6 Bxe6 
9.Be2 Nc6 10.O-O h6 11.Bh4 g5 12.Bg3 d5 13.Ne5 d4 14.Nxc6 bxc6 15.exd4 
cxd4 16.Na4 Ne4 17.Bd3 Nxg3 18.hxg3 Rb8 19.b3 Qd6 20.Qd2 Rb4 21.Rfe1 a5 
22.Qe2 Re8 23.Qe4 Rbb8 24.Qh7+ Kf8 25.c5 Qc7 26.Nb6 Bd7 27.Nc4 Rxe1+ 28.
Rxe1 Rb5 29.Qe4 Be6 30.Qf3 g4 31.Qd1 Rxc5 32.Qc1 Kg8 33.Qa3 Bf8 34.Qb2 Rd5
35.Be4 Rd8 36.Qe2 Bg7 37.Nb2 c5 38.Rc1 Rc8 39.Bd3 Qe5 40.Qxe5 Bxe5 41.Nc4 
Bc7 42.Nb2 Bd6 43.Kf1 Kg7 44.Rc2 h5 45.Nc4 Bc7 46.Nb2 Bd8 47.Na4 Be7 48.
Rc1 Rc7 49.Nb6 Rc6 50.Na4 Kf6 51.Nb2 Rc8 52.Rc2 Bd7 53.Nc4 Bb5 54.Re2 Rb8 
55.Ke1 a4 56.Rb2 axb3 57.Rxb3 Bxc4 58.Bxc4 Ra8 59.a3 Ra5 60.Bb5 Ra7 61.Kd2
Bd8 62.Kd3 Re7 63.Rb1 Re5 64.Bc4 Rf5 65.Ke2 Ba5 66.Rb5 Re5+ 67.Kd3 Be1 68.
Rb7 Re7 69.Rxe7 Kxe7 70.Ke2 Ba5 71.a4 f5 72.Bg8 1/2-1/2

[Event "POL-ChT2"]
[Site "Katowice POL"]
[Date "2010.09.04"]
[Round "1"]
[White "Skalski, Michal"]
[Black "Oliwa, Marek"]
[Result "1/2-1/2"]
[WhiteElo "2447"]
[BlackElo "2418"]
[EventDate "2010.09.04"]
[PlyCount "82"]

1.c4 Nf6 2.d4 c5 3.Nf3 cxd4 4.Nxd4 a6 5.Nc3 d5 6.cxd5 Nxd5 7.Bd2 e5 8.Nf3 
Nxc3 9.Bxc3 Qxd1+ 10.Rxd1 f6 11.e3 Be6 12.a3 Nd7 13.Nd2 Rc8 14.Ne4 Rc6 15.
Be2 Be7 16.g4 Nb6 17.Bf3 Na4 18.O-O O-O 19.Rb1 Rfc8 20.Bb4 Bxb4 21.axb4 
Rb6 22.Rfc1 Rxc1+ 23.Rxc1 Rxb4 24.Rc7 Rxb2 25.Nd6 Rb6 26.Nxb7 h5 27.gxh5 
Kh7 28.Be4+ Kh6 29.Nd8 Bg8 30.Rc8 Rb4 31.Bg6 Nb6 32.Rb8 Nd5 33.Ra8 Ne7 34.
Nf7+ Bxf7 35.Bxf7 Nf5 36.Rxa6 Nh4 37.Kf1 Kg5 38.h6 Rb7 39.Be8 Rb1+ 40.Ke2 
Rb2+ 41.Kf1 Rb1+ 1/2-1/2

[Event "POL-ChT2"]
[Site "Katowice POL"]
[Date "2010.09.04"]
[Round "1"]
[White "Skalik, Przemyslaw"]
[Black "Kuzmicz, Krystian"]
[Result "1-0"]
[WhiteElo "2369"]
[BlackElo "2407"]
[EventDate "2010.09.04"]
[PlyCount "89"]

1.Nf3 g6 2.c4 c5 3.e4 Bg7 4.d4 Qb6 5.dxc5 Qxc5 6.Be2 Nf6 7.Nc3 d6 8.h3 O-O
9.O-O Be6 10.Be3 Qc8 11.Rc1 Nc6 12.Qd2 b6 13.Ng5 Bd7 14.f4 Qb7 15.b3 Rac8 
16.Bd3 Nb4 17.Bb1 Na6 18.e5 Ne8 19.Nd5 Bc6 20.e6 f5 21.g4 Bxd5 22.gxf5 h6 
23.Nf7 Rxf7 24.Qxd5 Qxd5 25.cxd5 Rf8 26.Rxc8 gxf5 27.Rd1 Nf6 28.Rxf8+ Bxf8
29.Bxf5 Nb4 30.Kf2 Nbxd5 31.Kf3 h5 32.Bd2 Bh6 33.Be4 Nc7 34.f5 Bxd2 35.
Rxd2 Nb5 36.Kf4 Kg7 37.Rc2 Kh6 38.Rc8 a5 39.Bd3 Nc3 40.Rxc3 Nd5+ 41.Ke4 
Nxc3+ 42.Kd4 Nxa2 43.f6 Nb4 44.Bb5 Nc2+ 45.Ke4 1-0

[Event "POL-ChT2"]
[Site "Katowice POL"]
[Date "2010.09.04"]
[Round "1"]
[White "Gasik, Anna"]
[Black "Michna, Marta"]
[Result "1/2-1/2"]
[WhiteElo "2203"]
[BlackElo "2399"]
[EventDate "2010.09.04"]
[PlyCount "51"]

1.e4 e6 2.d4 d5 3.Nd2 Nf6 4.e5 Nfd7 5.Bd3 c5 6.c3 b6 7.Ne2 Ba6 8.Bxa6 Nxa6
9.O-O Be7 10.f4 g6 11.Rf3 h5 12.Rh3 Rg8 13.Nf3 Nc7 14.Ng5 c4 15.b4 a5 16.
Bd2 b5 17.a3 Ra7 18.Rb1 Qa8 19.Bc1 Kf8 20.g4 Bxg5 21.fxg5 hxg4 22.Rh7 Rg7 
23.Rh8+ Rg8 24.Rh7 Rg7 25.Rh8+ Rg8 26.Rh7 1/2-1/2

[Event "POL-ChT2"]
[Site "Katowice POL"]
[Date "2010.09.04"]
[Round "1"]
[White "Rudolf, Michal"]
[Black "Talla, Vladimir"]
[Result "0-1"]
[WhiteElo "2372"]
[BlackElo "2456"]
[EventDate "2010.09.04"]
[PlyCount "92"]

1.e4 c5 2.Nf3 d6 3.d4 cxd4 4.Nxd4 Nf6 5.Nc3 a6 6.Be3 e5 7.Nf3 Be7 8.Bc4 
O-O 9.O-O Be6 10.Bb3 Nc6 11.Bg5 Ne8 12.Bxe7 Qxe7 13.Nd5 Qd8 14.Qd2 Rc8 15.
h3 Nf6 16.Nxf6+ Qxf6 17.Bxe6 Qxe6 18.Rfd1 Rfd8 19.b3 b5 20.Rac1 Ne7 21.Qa5
d5 22.exd5 Rxd5 23.Rxd5 Nxd5 24.c4 Nf4 25.Rd1 h6 26.Rd8+ Rxd8 27.Qxd8+ Kh7
28.cxb5 axb5 29.Qb8 Qg6 30.Ne1 Qe4 31.Nf3 Qb1+ 32.Kh2 Qf1 33.Nh4 Qxf2 34.
Qxe5 Qxh4 35.Qxb5 Ne6 36.a4 Qf4+ 37.Kh1 Qc1+ 38.Kh2 Qf4+ 39.Kh1 Qe4 40.a5 
Nd4 41.Qc4 Qe1+ 42.Kh2 Qe5+ 43.Kh1 Ne2 44.Qa4 f5 45.Qa2 Ng3+ 46.Kh2 Qe1 
0-1

[Event "POL-ChT2"]
[Site "Katowice POL"]
[Date "2010.09.04"]
[Round "1"]
[White "Zawadzki, Stanislaw"]
[Black "Warszawski, Bartosz"]
[Result "1-0"]
[WhiteElo "2412"]
[BlackElo "2309"]
[EventDate "2010.09.04"]
[PlyCount "67"]

1.Nf3 e6 2.g3 d5 3.Bg2 c5 4.O-O Nc6 5.d3 Nf6 6.c3 Be7 7.Qc2 O-O 8.a4 a6 9.
e4 Qc7 10.Re1 Rb8 11.Bf4 e5 12.exd5 exf4 13.dxc6 bxc6 14.Nbd2 Nd5 15.Nc4 
Bf6 16.a5 Bg4 17.Nfe5 Bf5 18.Re2 Rbd8 19.Rae1 g5 20.g4 Be6 21.Qa4 Ne7 22.
Qa3 Rd5 23.Bxd5 cxd5 24.Nd2 Qc8 25.f3 Qc7 26.Nb3 Rc8 27.d4 c4 28.Nc5 Qa7 
29.Kg2 Rd8 30.Qa4 Bc8 31.Nc6 Nxc6 32.Qxc6 Kg7 33.Qb6 Qa8 34.Re7 1-0

[Event "POL-ChT2"]
[Site "Katowice POL"]
[Date "2010.09.04"]
[Round "1"]
[White "Kaim, Piotr"]
[Black "Bulski, Krzysztof"]
[Result "0-1"]
[WhiteElo "2288"]
[BlackElo "2459"]
[EventDate "2010.09.04"]
[PlyCount "62"]

1.e4 e5 2.Nf3 Nc6 3.Bc4 Nf6 4.d4 exd4 5.e5 d5 6.Bb5 Nd7 7.O-O Be7 8.Bxc6 
bxc6 9.Nxd4 Nb8 10.b3 c5 11.Ne2 Bb7 12.Ng3 g6 13.Bh6 d4 14.c4 Qd7 15.Nd2 
Qc6 16.Nge4 Nd7 17.Qg4 Nxe5 18.Qg3 Nd7 19.Ng5 Bxg5 20.Qxg5 f6 21.Qg3 O-O-O
22.f3 g5 23.Qh3 Rhg8 24.Qf5 g4 25.Rfe1 gxf3 26.Re6 f2+ 27.Kxf2 Rxg2+ 28.
Ke1 Rg1+ 29.Nf1 Rxf1+ 30.Kxf1 Qh1+ 31.Kf2 Qxa1 0-1

[Event "POL-ChT2"]
[Site "Katowice POL"]
[Date "2010.09.04"]
[Round "1"]
[White "Pieniazek, Artur"]
[Black "Rams, Michal"]
[Result "1/2-1/2"]
[WhiteElo "2374"]
[BlackElo "2281"]
[EventDate "2010.09.04"]
[PlyCount "80"]

1.d4 g6 2.Nf3 Bg7 3.g3 Nf6 4.Bg2 O-O 5.c4 d6 6.Nc3 Nbd7 7.O-O e5 8.e4 c6 
9.b3 a6 10.Re1 b5 11.d5 cxd5 12.cxd5 Ne8 13.Bg5 f6 14.Be3 f5 15.exf5 gxf5 
16.Ng5 Ndf6 17.Ne6 Bxe6 18.dxe6 e4 19.Bh3 Qc8 20.e7 Rf7 21.Rc1 Qe6 22.Ne2 
Nd5 23.Nd4 Bxd4 24.Qxd4 Nxe3 25.Rxe3 Rxe7 26.Rd1 Rd8 27.Qd5 Ng7 28.f3 Kh8 
29.Qxe6 Rxe6 30.Rd5 Rc8 31.fxe4 Rc2 32.e5 dxe5 33.Rd8+ Re8 34.Rxe8+ Nxe8 
35.Rxe5 Nd6 36.Rd5 Rc1+ 37.Bf1 Ne4 38.Rxf5 Ra1 39.a4 bxa4 40.bxa4 Nd2 
1/2-1/2

[Event "POL-ChT2"]
[Site "Katowice POL"]
[Date "2010.09.04"]
[Round "1"]
[White "Chalupnik, Marcin"]
[Black "Dobrowolski, Aleksander"]
[Result "1-0"]
[WhiteElo "2247"]
[BlackElo "2328"]
[EventDate "2010.09.04"]
[PlyCount "73"]

1.e4 c5 2.Nf3 Nc6 3.d4 cxd4 4.Nxd4 e6 5.Nc3 a6 6.Be3 Nf6 7.f4 Qb6 8.a3 Bc5
9.Na4 Qa5+ 10.c3 Bxd4 11.Bxd4 Nxd4 12.Qxd4 b5 13.Nc5 O-O 14.O-O-O d5 15.
Bd3 dxe4 16.Nxe4 Nd5 17.h4 Qb6 18.Nc5 Ra7 19.f5 Rc7 20.b4 Qd6 21.Be4 Qf4+ 
22.Rd2 Ne3 23.fxe6 fxe6 24.g3 Qxg3 25.Rd3 Qf2 26.Qxe3 Qa2 27.Rd2 Qa1+ 28.
Bb1 Qxa3+ 29.Rb2 a5 30.Qe5 axb4 31.cxb4 Rf2 32.Rd1 Bd7 33.Rxd7 Rxd7 34.
Nxd7 Rf1+ 35.Kd2 Rf2+ 36.Ke1 Rf7 37.Qb8+ 1-0

[Event "POL-ChT2"]
[Site "Katowice POL"]
[Date "2010.09.04"]
[Round "1"]
[White "Zmarzly, Aleksandra"]
[Black "Zajkowska, Olga"]
[Result "1-0"]
[WhiteElo "2063"]
[BlackElo "1819"]
[EventDate "2010.09.04"]
[PlyCount "85"]

1.e4 d6 2.d4 Nf6 3.Nc3 g6 4.f4 Bg7 5.Nf3 c5 6.dxc5 Qa5 7.Bd3 Qxc5 8.Qe2 
O-O 9.Be3 Qb4 10.O-O Qxb2 11.Nb5 Ne8 12.Rfb1 Qf6 13.e5 dxe5 14.fxe5 Qc6 
15.Nxa7 Qd7 16.Rd1 b6 17.Nb5 Qb7 18.Bf4 Bd7 19.Nbd4 Nc6 20.c3 Nc7 21.Be4 
Ne6 22.Bg3 Nc5 23.Bc2 Rfc8 24.Qf2 Nxd4 25.Nxd4 Ba4 26.Rf1 Rf8 27.Nb3 Ne6 
28.Rab1 Bb5 29.Rfc1 Rxa2 30.Qe3 Bc4 31.Nd4 Nxd4 32.Qxd4 Qc7 33.Qe3 b5 34.
Kh1 Rc8 35.e6 Qc5 36.exf7+ Bxf7 37.Qf4 e5 38.Qf1 Bh6 39.Rxb5 Qxc3 40.Bxe5 
Qc4 41.Qf6 Kf8 42.Qh8+ Ke7 43.Rb7+ 1-0

[Event "POL-ChT2"]
[Site "Katowice POL"]
[Date "2010.09.04"]
[Round "1"]
[White "Wojciechowski, Piotr"]
[Black "Gritsak, Orest"]
[Result "1/2-1/2"]
[WhiteElo "2305"]
[BlackElo "2521"]
[EventDate "2010.09.04"]
[PlyCount "76"]

1.e4 d6 2.d4 Nf6 3.Nc3 e5 4.Nf3 Nbd7 5.Bc4 Be7 {ÿ} 6.O-O O-O 7.Qe2 c6 8.a4
b6 9.Rd1 Qc7 10.d5 Bb7 11.b3 cxd5 12.Nxd5 Nxd5 13.Bxd5 Bxd5 14.Rxd5 {]} 
14...Qc6 {]} 15.Rd1 {ÿ} 15...Rfc8 {3]} 16.c4 {ÿ} 16...Nc5 {]]} 17.Nd2 {ÿ} 
17...Bg5 {11} 18.Ba3 Bxd2 {3]} 19.Bxc5 bxc5 {]]} 20.Rxd2 Rab8 {1]} 21.Rd3 
Qd7 {6]} 22.Rad1 Rc6 {44} 23.Qd2 h6 {3]} 24.Rxd6 Rxd6 {]]} 25.Qxd6 Qxd6 {
0]} 26.Rxd6 Rxb3 {5]} 27.f3 Rb4 {11} 28.Ra6 Rxc4 {5]} 29.Rxa7 f6 {8 [%clk 
0:23]} 30.a5 {l} 30...Rc1+ {6} 31.Kf2 Rc2+ {8} 32.Kg3 Ra2 33.a6 Kh7 34.h4 
h5 35.Rc7 Rxa6 36.Rxc5 Ra2 37.Kh3 Kh6 38.Rc6 Kg6 1/2-1/2

[Event "POL-ChT2"]
[Site "Katowice POL"]
[Date "2010.09.04"]
[Round "1"]
[White "Stoma, Pawel"]
[Black "Juroszek, Tadeusz"]
[Result "1/2-1/2"]
[WhiteElo "2308"]
[BlackElo "2365"]
[EventDate "2010.09.04"]
[PlyCount "47"]

1.e4 d6 2.d4 Nf6 3.Nc3 e5 4.Nf3 Nbd7 {88} 5.Bc4 Be7 6.O-O O-O 7.Re1 c6 8.
a4 h6 9.b3 Re8 10.Ba3 Qc7 11.h3 Nf8 12.Nh4 N6h7 13.Nf3 Ng6 14.Ne2 Bf8 15.
Ng3 Nf6 {]} 16.Bb2 {]} 16...Bd7 {]} 17.Qd2 Rad8 {]]} 18.Qe3 b6 {6} 19.Rad1
exd4 {3]} 20.Bxd4 Nxe4 {]]} 21.Nxe4 d5 {1]} 22.Bxd5 cxd5 {6]} 23.Qc3 Qxc3 
24.Nxc3 {[%clk 0:12.42]} 1/2-1/2

[Event "POL-ChT2"]
[Site "Katowice POL"]
[Date "2010.09.04"]
[Round "1"]
[White "Flasinski, Michal"]
[Black "Ksieski, Zbigniew"]
[Result "0-1"]
[WhiteElo "2214"]
[BlackElo "2359"]
[EventDate "2010.09.04"]
[PlyCount "158"]

1.d4 Nf6 2.c4 e6 3.Nf3 Bb4+ 4.Nbd2 O-O 5.g3 {4]} 5...d5 {4} 6.Bg2 {]} 6...
dxc4 {]} 7.Qc2 {]} 7...Nc6 8.Qxc4 {]} 8...Qd5 {]} 9.O-O {]} 9...Rd8 10.e3 
{]} 10...Qh5 {]} 11.Ne5 {]} 11...Nxe5 {]} 12.dxe5 {]} 12...Nd5 {]} 13.Nf3 
{]} 13...c5 {]} 14.a3 {]} 14...b5 {]} 15.Qc2 {]} 15...Ba5 {]} 16.e4 {]} 
16...Nc7 {]} 17.Bg5 {]} 17...Re8 {]} 18.b4 {]} 18...Bb6 {]} 19.bxc5 {]} 
19...Ba5 {]} 20.Bd2 {]} 20...Bxd2 {]} 21.Qxd2 {]} 21...a5 {]} 22.Qd6 {]} 
22...Ra7 {]} 23.Nd4 {]} 23...Rf8 {]} 24.Nc6 {]} 24...Ne8 {]} 25.Ne7+ Rxe7 
{]} 26.Qxe7 {]} 26...Qxe5 {]} 27.Rad1 {]} 27...Qc7 {]} 28.Qxc7 {]} 28...
Nxc7 {]} 29.e5 {]} 29...f6 {]} 30.f4 {]} 30...Kf7 {]} 31.Rd6 {]} 31...Re8 
{]} 32.Rfd1 {]} 32...fxe5 {[} 33.fxe5 {66} 33...Nd5 34.Bxd5 {7} 34...exd5 
35.R1xd5 {5]} 35...Be6 36.Rd4 {4]} 36...Bc4 37.Rf4+ {0]} 37...Ke7 38.c6 {]
[%clk 0:30] 4} 38...Be6 39.Rfd4 Rc8 40.Kf2 Rf8+ 41.Rf4 Rb8 42.Rd2 b4 43.
axb4 axb4 44.c7 Rc8 45.Rxb4 Rxc7 46.Rdb2 Bc8 47.Ke3 Rc1 48.Kd4 Rd1+ 49.Ke4
Re1+ 50.Kd4 Rd1+ 51.Ke3 Re1+ 52.Re2 Rc1 53.Ra4 Rc3+ 54.Kd4 Rc7 55.Rea2 
Rd7+ 56.Ke3 Ke6 57.Ra5 Rd1 58.Rc2 Bd7 59.Rc7 h6 60.Raa7 Bb5 61.Rxg7 Re1+ 
62.Kf3 Rf1+ 63.Kg2 Rb1 64.Rg6+ Kxe5 65.Rxh6 Rb2+ 66.Kf3 Rb3+ 67.Kg4 Be2+ 
68.Kg5 Rb5 69.Re7+ Kd4+ 70.Kf4 Rb2 71.h4 Bb5 72.Rd6+ Kc5 73.Rde6 Rf2+ 74.
Kg5 Bd3 75.Re5+ Kd4 76.h5 Rf8 77.h6 Rf3 78.g4 Rh3 79.Ra5 Bb1 0-1

[Event "POL-ChT2"]
[Site "Katowice POL"]
[Date "2010.09.04"]
[Round "1"]
[White "Miroslaw, Michal"]
[Black "Wandzik, Wojciech"]
[Result "1-0"]
[WhiteElo "2291"]
[BlackElo "2199"]
[EventDate "2010.09.04"]
[PlyCount "115"]

1.e4 c5 2.Nf3 Nc6 3.d4 cxd4 4.Nxd4 g6 5.c4 Nf6 6.Nc3 d6 7.Be2 Nxd4 8.Qxd4 
Bg7 9.Be3 O-O 10.Qd1 Be6 11.Rc1 Qa5 12.O-O Rfc8 13.b3 a6 14.a4 Nd7 15.Nd5 
Bxd5 16.cxd5 Nc5 17.Bg4 Rcb8 18.Qc2 Qb4 19.Bxc5 dxc5 20.Qxc5 Qxe4 21.Bf3 {
]} 21...Qe5 {[} 22.Rfe1 {[} 22...Qd6 {[} 23.Qc7 {[} 23...Bf6 {[} 24.g3 b5 
{[%clk 0:11.49]} 25.a5 Rd8 26.Rc6 Qxc7 27.Rxc7 Rd6 28.Rec1 Kf8 29.Bg4 Bd4 
30.Bc8 Ra7 31.Bb7 Bb2 32.R1c2 Be5 33.f4 Bd4+ 34.Kg2 Rd8 35.Kf3 f5 36.Rc8 
Rxc8 37.Bxc8 Ke8 38.Rc6 b4 39.Rxa6 Kd8 40.Rxa7 Bxa7 41.Be6 Ke8 42.h3 h6 
43.Ke2 Kd8 44.h4 Ke8 45.h5 gxh5 46.Bxf5 Kd8 47.Bg6 Kc7 48.Bxh5 Kd6 49.Bf7 
Kc5 50.Kd3 Kb5 51.Ke4 Kxa5 52.g4 Bf2 53.g5 hxg5 54.fxg5 Be1 55.Kf5 Kb6 56.
g6 Bc3 57.Ke6 Kc7 58.Kxe7 1-0

[Event "POL-ChT2"]
[Site "Katowice POL"]
[Date "2010.09.04"]
[Round "1"]
[White "Gola, Karol"]
[Black "Wojcieszyn, Jacenty"]
[Result "1/2-1/2"]
[WhiteElo "2211"]
[BlackElo "2294"]
[EventDate "2010.09.04"]
[PlyCount "73"]

1.e4 {3]} 1...c5 {3]} 2.Nf3 {3]} 2...d6 {3} 3.Bb5+ {]} 3...Bd7 {]} 4.Bxd7+
{]} 4...Qxd7 {]} 5.O-O {]} 5...Nc6 {]} 6.c3 {]} 6...Nf6 {]} 7.Qe2 {]} 7...
e6 {]} 8.d4 {]} 8...cxd4 {]} 9.cxd4 {]} 9...d5 {]} 10.e5 {]} 10...Ne4 {]} 
11.Rd1 {]} 11...Be7 {]} 12.Ne1 {]} 12...f5 {]} 13.Qh5+ {]} 13...g6 {]} 14.
Qh6 {]} 14...Bf8 {]} 15.Qe3 {]} 15...Be7 {]} 16.Qh6 {]} 16...Bf8 {]} 17.
Qe3 {]} 17...h6 18.Nd3 {9} 18...Rc8 19.f3 {0]} 19...Ng5 20.b3 Nb4 {[%clk 
0:06.04]} 21.Nxb4 {c} 21...Bxb4 22.Ba3 a5 23.Bxb4 axb4 24.a3 Qb5 25.Qd2 
bxa3 26.Nxa3 Qb6 27.b4 O-O 28.Rdc1 Rxc1+ 29.Rxc1 Ra8 30.Qc3 Qa6 31.Ra1 Qe2
32.Re1 Qa6 33.Ra1 Qe2 34.Re1 Qa6 35.Ra1 Qe2 36.Re1 Qa2 37.Ra1 1/2-1/2

[Event "POL-ChT2"]
[Site "Katowice POL"]
[Date "2010.09.04"]
[Round "1"]
[White "Stoma, Katarzyna"]
[Black "Szydlowska-Duda, Marta"]
[Result "1/2-1/2"]
[WhiteElo "1944"]
[BlackElo "2063"]
[EventDate "2010.09.04"]
[PlyCount "138"]

1.e4 d5 2.exd5 Qxd5 3.Nc3 Qa5 4.d4 Nf6 5.Nf3 Bg4 6.h3 Bh5 7.g4 Bg6 8.Ne5 
e6 9.Bg2 c6 10.h4 Be4 11.Bxe4 Nxe4 12.Qf3 Nd6 13.O-O {42} 13...Be7 {42} 
14.Ne4 {42} 14...O-O {42} 15.Nxd6 Bxd6 16.Nc4 Qc7 17.Nxd6 Qxd6 18.Rd1 Nd7 
19.Bf4 Qd5 20.Qxd5 cxd5 21.Rac1 {]} 21...Rfc8 {]} 22.b3 {]} 22...b5 {]} 
23.c3 {]} 23...Rc6 {]} 24.Rd2 {]} 24...Rac8 {]} 25.Rdc2 {]} 25...Nb6 {]} 
26.a3 {]} 26...a5 {]} 27.Bd2 {]} 27...a4 {]} 28.Rb2 {]} 28...f6 {]} 29.Be1
{]} 29...axb3 {]} 30.Rxb3 {]} 30...Nc4 {]} 31.Rxb5 {]} 31...Nxa3 {]} 32.
Rb7 R8c7 {]} 33.Rb3 {]} 33...Nc4 {]} 34.Ra1 {]} 34...Kf7 {]} 35.f3 {]} 
35...Rb6 {]} 36.Rxb6 Nxb6 {0]} 37.Ra5 Nc4 {]} 38.Rb5 Ra7 {6]} 39.h5 {6 
[%clk 0:24] 4} 39...g6 40.hxg6+ Kxg6 41.Kf2 Ra2+ 42.Kg3 Re2 43.Bf2 Nd2 44.
Kg2 h5 45.gxh5+ Kxh5 46.Rb2 Kg6 47.Rc2 Kf7 48.Ra2 Ke7 49.Ra7+ Kd6 50.Ra6+ 
Kc7 51.Ra1 Kc6 52.Re1 Rxe1 53.Bxe1 Nb1 54.Kg3 Kb5 55.f4 Kc4 56.f5 exf5 57.
Kf4 Nxc3 58.Bf2 Ne4 59.Bg1 Nd6 60.Bf2 Kd3 61.Bh4 Kxd4 62.Bxf6+ Kd3 63.Ke5 
Nc4+ 64.Kxf5 Ne3+ 65.Kf4 Nc4 66.Kf5 Ke3 67.Ke6 Ke4 68.Bc3 Ne3 69.Bb2 d4 
1/2-1/2

[Event "POL-ChT2"]
[Site "Katowice POL"]
[Date "2010.09.04"]
[Round "1"]
[White "Stryjecki, Marek"]
[Black "Czyz, Artur"]
[Result "1/2-1/2"]
[WhiteElo "2422"]
[BlackElo "2088"]
[EventDate "2010.09.04"]
[PlyCount "122"]

1.c4 Nf6 2.Nc3 g6 3.e4 d6 4.d4 Bg7 5.Bg5 h6 6.Be3 {6} 6...Ng4 7.Bc1 e5 8.
d5 f5 9.Bd3 Na6 10.Nge2 Nc5 11.f3 Nf6 12.Bc2 fxe4 13.Ng3 O-O 14.Ncxe4 
Nfxe4 15.Nxe4 Nxe4 16.Bxe4 Bf5 {]} 17.O-O {]} 17...Bxe4 {]} 18.fxe4 {]} 
18...Qh4 {]} 19.Rxf8+ {]} 19...Rxf8 {]} 20.Qe2 {]} 20...a5 {]} 21.Bd2 {]} 
21...b6 {]} 22.Rc1 {]} 22...Qf6 {]} 23.Rc3 {]} 23...Kh7 {]} 24.Rf3 {]} 
24...Qh4 {]} 25.Rg3 {]} 25...Qf6 {]} 26.Rf3 {]} 26...Qh4 {]} 27.Rxf8 {]} 
27...Bxf8 {]} 28.g3 {]} 28...Qh3 {]} 29.Qf1 {]} 29...Qxf1+ 30.Kxf1 {]} 
30...Kg7 {]} 31.Ke2 {]} 31...Kf7 {]} 32.Kd3 {]} 32...Ke7 {]} 33.Kc3 {]} 
33...Kd7 {]} 34.Kb3 {]} 34...Kc8 {]} 35.Ka4 {]} 35...Kb7 {]} 36.Kb5 {]} 
36...Bg7 {]} 37.Be3 {]} 37...Bf8 {]} 38.a3 {]} 38...Bg7 {]} 39.g4 {]} 
39...g5 {]} 40.b4 {]} 40...axb4 {]} 41.axb4 {]} 41...Bf6 {]} 42.Bf2 {]} 
42...Be7 {]} 43.Be1 Bf6 {]} 44.Bg3 {]} 44...Bg7 {]} 45.h4 Bf6 {]} 46.hxg5 
{]} 46...hxg5 {]} 47.Be1 {]} 47...Be7 {]} 48.Bd2 {]} 48...Bd8 {]} 49.c5 {]
} 49...bxc5 {]} 50.bxc5 {]} 50...Be7 {]} 51.Ba5 {]} 51...Bf6 {]} 52.Bb4 {]
} 52...Be7 {]} 53.Bd2 {]} 53...Bf6 {]} 54.Bc1 {]} 54...Bd8 {]} 55.Ba3 {]} 
55...Be7 {]} 56.Bb4 {]} 56...Bf8 {]} 57.Bc3 {]} 57...Bg7 {]} 58.Ba5 {]} 
58...Bf6 {]} 59.c6+ {]} 59...Kc8 {]} 60.Ka6 {]} 60...Kb8 {]} 61.Bb4 {]} 
61...Be7 {[%clk 0:45] 4} 1/2-1/2

[Event "POL-ChT2"]
[Site "Katowice POL"]
[Date "2010.09.04"]
[Round "1"]
[White "Kalvaitis, Sigitas"]
[Black "Walach, Marcin"]
[Result "1/2-1/2"]
[WhiteElo "2316"]
[BlackElo "2371"]
[EventDate "2010.09.04"]
[PlyCount "67"]

1.e4 e5 2.Nf3 Nc6 3.Bb5 a6 4.Bxc6 dxc6 5.O-O Bg4 6.h3 h5 7.d3 Qf6 8.Be3 
Bxf3 9.Qxf3 Qxf3 10.gxf3 Ne7 11.Nd2 Ng6 12.Rfb1 Bd6 13.Kf1 O-O 14.Ke2 f5 
15.Rg1 Kh7 16.Nc4 fxe4 17.fxe4 {]} 17...Nf4+ {]} 18.Bxf4 {]} 18...Rxf4 {]}
19.Rg5 {]} 19...Raf8 {]} 20.Rxh5+ {]} 20...Kg6 {]} 21.Rf5 {]} 21...R8xf5 {
]} 22.exf5+ Kxf5 {]} 23.Rg1 {]} 23...Bc5 {]} 24.Ne3+ {]} 24...Kf6 {]} 25.
Rg4 {]} 25...b5 {]} 26.f3 {]} 26...g6 {]} 27.Nf1 {]} 27...Rxg4 {c} 28.fxg4
{4]} 28...Kg5 29.Kf3 {0]} 29...Kh4 30.Kg2 {22} 30...Bd6 31.Nd2 Kg5 {]} 32.
Kf3 {]} 32...Kh4 {]} 33.Kg2 {]} 33...Kg5 {]} 34.Kf3 {[%clk 0:16.29]} 
1/2-1/2

[Event "POL-ChT2"]
[Site "Katowice POL"]
[Date "2010.09.04"]
[Round "1"]
[White "Obrusnik, Michal"]
[Black "Piesik, Piotr"]
[Result "1-0"]
[WhiteElo "2210"]
[BlackElo "2237"]
[EventDate "2010.09.04"]
[PlyCount "61"]

1.e4 {9]} 1...e6 {9]} 2.d4 {9]} 2...d5 {9} 3.Nc3 {]} 3...dxe4 {]} 4.Nxe4 {
]} 4...Bd7 {]} 5.Nf3 {]} 5...Bc6 {]} 6.Bd3 {]} 6...Nd7 {]} 7.O-O {]} 7...
Ngf6 {]} 8.Neg5 {]} 8...Bd6 {]} 9.Re1 {]} 9...h6 {]} 10.Nh3 {]} 10...Bxf3 
{]} 11.Qxf3 {]} 11...c6 {]} 12.Nf4 {]} 12...Qc7 {]} 13.Nh5 {]} 13...O-O-O 
{]} 14.Nxf6 {]} 14...Nxf6 {]} 15.g3 {]} 15...h5 {]} 16.Bf1 {]} 16...h4 {]}
17.c3 {]} 17...hxg3 {]} 18.hxg3 Rh5 {]} 19.Bg2 {]} 19...Rdh8 {]} 20.c4 {]}
20...Rf5 21.Qd3 {6]} 21...Qb8 22.c5 {55} 22...Be7 23.b4 {[%clk 0:15.38]} 
23...Qc7 {[} 24.b5 Nd5 25.bxc6 bxc6 26.Rb1 Kd7 27.Bxd5 cxd5 28.Qa6 Rb8 29.
Bf4 Rxf4 30.gxf4 Qxf4 31.Qxa7+ 1-0

[Event "POL-ChT2"]
[Site "Katowice POL"]
[Date "2010.09.04"]
[Round "1"]
[White "Swicarz, Maciej"]
[Black "Helis, Tadeusz"]
[Result "1/2-1/2"]
[WhiteElo "2306"]
[BlackElo "2277"]
[EventDate "2010.09.04"]
[PlyCount "70"]

1.e4 {82} 1...c5 {82} 2.Nf3 {82} 2...e6 {8} 3.c3 {]} 3...d5 {]} 4.exd5 {]}
4...exd5 5.d4 {]} 5...Nc6 {]} 6.Be2 {]} 6...Bd6 7.O-O {]} 7...Nf6 {]} 8.
dxc5 {]} 8...Bxc5 {]} 9.Nbd2 {]} 9...O-O {]} 10.Nb3 {]} 10...Bb6 {]} 11.
Bg5 {]} 11...Be6 {]} 12.Nfd4 {]} 12...Ne5 {]} 13.Qc2 {]} 13...Bd7 {]} 14.
Rad1 h6 {]} 15.Bh4 {]} 15...Ng6 {]} 16.Bg3 Ne4 {]} 17.Bh5 {]} 17...Nh4 {]}
18.Bxh4 {]} 18...Qxh4 {]} 19.Bf3 {]} 19...Rfe8 20.Rd3 Rac8 21.g3 Qh3 {
[%clk 0:12.47]} 22.Qd1 Nf6 23.Bg2 Qg4 24.Qxg4 Bxg4 25.Rd2 Ne4 26.Rc2 Bd7 
27.Re2 a5 28.Rfe1 a4 29.Bxe4 Rxe4 30.Nd2 Rce8 31.N2f3 Kf8 32.Kf1 Bh3+ 33.
Kg1 Bd7 34.Kf1 Bh3+ 35.Kg1 Bd7 1/2-1/2

[Event "POL-ChT2"]
[Site "Katowice POL"]
[Date "2010.09.04"]
[Round "1"]
[White "Stysiak, Szymon"]
[Black "Cajbel, Maciej"]
[Result "1-0"]
[WhiteElo "2211"]
[BlackElo "2221"]
[EventDate "2010.09.04"]
[PlyCount "87"]

1.d4 Nf6 2.c4 c5 3.d5 e6 4.Nc3 exd5 5.cxd5 d6 6.Nf3 g6 7.Bf4 a6 8.a4 Bg7 
9.e3 O-O 10.Be2 Qe7 11.O-O Nbd7 12.Nd2 Ne8 13.h3 f5 14.Qb3 Ne5 15.Rfe1 Rb8
16.a5 g5 17.Bxe5 Bxe5 18.Bxa6 g4 19.g3 gxh3 20.Bf1 Qg7 21.Bxh3 f4 22.Bxc8 
Rxc8 23.exf4 Rxf4 24.Nce4 Nf6 25.Nxf6+ Rxf6 26.Rxe5 dxe5 27.Ne4 Rh6 28.d6+
c4 29.Qb4 Kh8 30.Rd1 Rd8 31.d7 Rh5 32.Qb6 Qf8 33.Qc7 Kg7 34.Kg2 Qf5 35.Nd6
Qh3+ 36.Kf3 e4+ 37.Ke3 Qg4 38.Ne8+ Kf7 39.Qxc4+ Ke7 40.Qb4+ Kf7 41.Nd6+ 
Kg7 42.Qd4+ Kg8 43.Nxe4 Qe6 44.Qf6 1-0